Fundamental Managerial Accounting Concepts (Record no. 6099)

MARC details
005 - DATE AND TIME OF LATEST TRANSACTION
control field 20250628155501.0
020 ## - INTERNATIONAL STANDARD BOOK NUMBER
International Standard Book Number 0-07-248375-X
100 ## - MAIN ENTRY--PERSONAL NAME
Author name EDMONDS, T. P
245 ## - TITLE STATEMENT
Title Fundamental Managerial Accounting Concepts
260 ## - PUBLICATION, DISTRIBUTION, ETC.
Place of publication, distribution, etc. New York,
Name of publisher, distributor, etc. Irwin McGraw-Hill,
Date of publication, distribution, etc. 2000
300 ## - PHYSICAL DESCRIPTION
Extent xxvii, 625p.: ill.; picture, table.
Other physical details Index.
Dimensions 27cm
700 ## - ADDED ENTRY--PERSONAL NAME
Other authors/Editors EDMOND, C. D
942 ## - ADDED ENTRY ELEMENTS (KOHA)
Source of classification or shelving scheme Dewey Decimal Classification
Koha item type Books
Holdings
Date last seen Total checkouts Full call number Barcode Cost, replacement price Price effective from Koha item type Lost status Source of classification or shelving scheme Damaged status Not for loan Withdrawn status Home library Current library Shelving location Date acquired Source of acquisition Cost, normal purchase price
06/28/2025   658.151 EDM MBY000852 114000.00 06/28/2025 Books   Dewey Decimal Classification       CBE MBEYA CBE MBEYA General Collection 12/17/2003 Purchase 38000.00